Normal view MARC view

Entry Personal Name

Number of records used in: 1

001 - CONTROL NUMBER

  • control field: 1239645

003 - CONTROL NUMBER IDENTIFIER

  • control field: OSt

005 - DATE AND TIME OF LATEST TRANSACTION

  • control field: 20260514122602.0

008 - FIXED-LENGTH DATA ELEMENTS

  • fixed length control field: 260514|| aca||aabn | a|a d

040 ## - CATALOGING SOURCE

  • Original cataloging agency: OSt
  • Transcribing agency: OSt

100 ## - HEADING--PERSONAL NAME

  • Personal name: Col Dr.Jyoti Kotwal

670 ## - SOURCE DATA FOUND

  • Source citation: Work cat.: (OSt)1851517: Gupta Dr.Sakshi 1239644, Analysis of Nine Thrombophilic Mutations in Young Patients of Thrombosis: a Philot Study.
Copyright @ Delhi University Library System